01149nam a2200313Ia 4500001001200000003000800012006001900020007001500039008004100054020001500095020002200110040002100132035002000153050002300173082001200196245007600208260004400284300001700328490002500345533015200370650001100522651004800533655002900581700002200610710001700632830004300649856012600692999001700818ebr10076700CaPaEBRm u cr cn|||||||||020121s2002 enk s 000 0 eng d z076195421X z0761954228 (PBK.) aCaPaEBRcCaPaEBR a(OCoLC)6151484914aBP161b.I58 2002eb04a29722100aInterpreting Islamh[electronic resource] /cedited by Hastings Donnan. aLondon ;aThousand Oaks :bSAGE,c2002. aviii, 196 p.1 aPolitics and culture aElectronic reproduction.bPalo Alto, Calif. :cebrary,d2009.nAvailable via World Wide Web.nAccess may be limited to ebrary affiliated libraries. 0aIslam. 0aIslamic countriesxSocial life and customs. 7aElectronic books.2local1 aDonnan, Hastings.2 aebrary, Inc. 0aPolitics and culture (London, England)40uhttp://site.ebrary.com/lib/rucke/Doc?id=10076700zAn electronic book accessible through the World Wide Web; click to view c53487d53487